000 00323nam a2200109Ia 4500
008 230320s9999||||xx |||||||||||||| ||spa||
082 _a158.1/H28S
100 _aHay, Louise
245 0 _aSana Tu Cuerpo : Las Causas Mentales De La Enfermedad Física Y La Forma Metafísica De Superarlas
260 _bUrano
942 _80
_cLIB
999 _c31393
_d31393